The construction challenge (Record no. 102394)

MARC details
000 -LEADER
fixed length control field 01519cam a2200301 4500
008 - FIXED-LENGTH DATA ELEMENTS--GENERAL INFORMATION
fixed length control field 020816n2004 000 0 eng u
020 ## - INTERNATIONAL STANDARD BOOK NUMBER
International Standard Book Number 1842191101
022 ## - INTERNATIONAL STANDARD SERIAL NUMBER
International Standard Serial Number 1478-4971
035 ## - SYSTEM CONTROL NUMBER
System control number (Sirsi) u119788
041 ## - LANGUAGE CODE
Language code of text/sound track or separate title eng
050 ## - LIBRARY OF CONGRESS CALL NUMBER
Classification number 333.72
-- 18
100 ## - MAIN ENTRY--PERSONAL NAME
Personal name Prasad, Deo
245 #4 - TITLE STATEMENT
Title The construction challenge
Remainder of title sustainability in developing countries
Medium [electronic resource]
260 ## - PUBLICATION, DISTRIBUTION, ETC.
Place of publication, distribution, etc. London
Name of publisher, distributor, etc. RICS
Date of publication, distribution, etc. 2004
300 ## - PHYSICAL DESCRIPTION
Extent 28p.
Dimensions 30cm.
490 ## - SERIES STATEMENT
Series statement RICS Leading Edge Series
520 ## - SUMMARY, ETC.
Summary, etc. This report examines the link between poverty and sustainability in the developing world and argues that national and international regulation and incentives are needed to deliver environmentally sustainable construction. Looks at: global environmental challenges; concepts and tools designed to help understand sustainable construction; sustainability initiatives in construction; and implementation. References. View at www.rics.org.
650 ## - SUBJECT ADDED ENTRY--TOPICAL TERM
Topical term or geographic name entry element SUSTAINABLE CONSTRUCTION
650 ## - SUBJECT ADDED ENTRY--TOPICAL TERM
Topical term or geographic name entry element LIFE CYCLE ANALYSIS
650 ## - SUBJECT ADDED ENTRY--TOPICAL TERM
Topical term or geographic name entry element Sustainability
9 (RLIN) 6271
650 ## - SUBJECT ADDED ENTRY--TOPICAL TERM
Topical term or geographic name entry element DEVELOPING COUNTRIES
690 ## - LOCAL SUBJECT ADDED ENTRY--TOPICAL TERM (OCLC, RLIN)
Topical term or geographic name as entry element BUILDING AND CONSTRUCTION-SUSTAINABLE
700 ## - ADDED ENTRY--PERSONAL NAME
Personal name Hall, Murray
710 ## - ADDED ENTRY--CORPORATE NAME
Corporate name or jurisdiction name as entry element Royal Institution of Chartered Surveyors
Subordinate unit Construction Faculty
9 (RLIN) 4214
710 ## - ADDED ENTRY--CORPORATE NAME
Corporate name or jurisdiction name as entry element Royal Institution of Chartered Surveyors
9 (RLIN) 4900
856 ## - ELECTRONIC LOCATION AND ACCESS
Uniform Resource Identifier <a href="https://www.rics.org/site/scripts/download_info.aspx?fileID=8234&categoryID=746">https://www.rics.org/site/scripts/download_info.aspx?fileID=8234&categoryID=746</a>
Public note This document is restricted to RICS members only, download from the www.rics.org website.
942 ## - ADDED ENTRY ELEMENTS (KOHA)
Suppress in OPAC 0
Holdings
Withdrawn status Lost status Source of classification or shelving scheme Damaged status Not for loan Home library Current library Shelving location Date acquired Total Checkouts Full call number Barcode Date last seen Copy number Price effective from Koha item type Date last checked out
    Dewey Decimal Classification     London London RICS Boxes 15/10/2004   RICS 2004/23 30069599 06/08/2019 1 06/08/2019 Reference material  
    Dewey Decimal Classification     London London RICS Boxes 15/10/2004   RICS 2004/23 30069595 06/08/2019 2 06/08/2019 Reference material  
    Dewey Decimal Classification     London London RICS Boxes 15/10/2004 2 RICS 2004/23 30069587 06/08/2019 3 06/08/2019 Book 03/02/2006
    Dewey Decimal Classification     Virtual Virtual Online 25/11/2010   ONLINE PUBLICATION 119788-5001 06/08/2019 1 06/08/2019 Book